DOS RV V2 príručka pre používateľa

Guardado en:
Detalles Bibliográficos
Formato: Libro
Lenguaje:eslovaco
Publicado: Bratislava Datasystém 1983
Etiquetas: Agregar Etiqueta
Sin Etiquetas, Sea el primero en etiquetar este registro!

MARC

LEADER 00000nam a2200000 4500
001 c112707
005 20041019155153.7
041 0 |a slo 
044 |a SK 
245 1 0 |a DOS RV V2  |b príručka pre používateľa 
264 1 |a Bratislava  |b Datasystém  |c 1983 
300 |a 437 s.